STN EN 12901: 2002 (75 8600), Výrobky používané pri úprave vody na pitnú vodu. Anorganické podporné a filtračné materiály. Definície
Norma je identická s EN 12901: 1999
| Main Author: | |
|---|---|
| Corporate Author: | |
| Other Authors: | |
| Format: | Book |
| Language: | Slovak English |
| PhysicalDescription: | 16 s. 30 cm |
| Published: |
Bratislava
Slovenský ústav technickej normalizácie
2002
|
| Subjects: |
MARC
| LEADER | 00000cam a2200000 a 4500 | ||
|---|---|---|---|
| 001 | vtls008873965 | ||
| 003 | SK-MaSNL | ||
| 005 | 20260301080428.0 | ||
| 008 | 160628s2002 xo f u 000 0 slo | ||
| 015 | |a SNBN2016 | ||
| 020 | |c (cen. skup. 11) | ||
| 040 | |a SNK |b slo |c SNK |e AACR2 | ||
| 041 | 1 | |a slo |h eng | |
| 044 | |a xo |c SK | ||
| 046 | |a s |m 200201 (účin.) | ||
| 072 | 7 | |a 628 |x Sanitárna technika. Vodárenstvo. Odpadové hospodárstvo. Svetelná technika |2 konspekt | |
| 080 | |a 628.16 |2 2001 | ||
| 080 | |a 628.1.033 |2 2001 | ||
| 080 | |a 006.7/.8 |2 2001 | ||
| 080 | |a (437.6) |2 2001 | ||
| 080 | |a (4) |2 2001 | ||
| 080 | |a (083) |2 2001 | ||
| 084 | |a 01.040.71 |2 ICS | ||
| 084 | |a 71.100.80 |2 ICS | ||
| 130 | 0 | |a STN 75 8600 (STN EN 12901) |9 402116 | |
| 245 | 1 | 0 | |a STN EN 12901: 2002 (75 8600), Výrobky používané pri úprave vody na pitnú vodu. Anorganické podporné a filtračné materiály. Definície |
| 246 | 1 | 0 | |a Výrobky používané pri úprave vody na pitnú vodu |
| 246 | 1 | 0 | |a Anorganické podporné a filtračné materiály |
| 246 | 1 | 0 | |a Definície |
| 260 | |a Bratislava |b Slovenský ústav technickej normalizácie |c 2002 | ||
| 300 | |a 16 s. |c 30 cm | ||
| 500 | |a Súbežný názov anglicky, nemecky a francúzsky | ||
| 500 | |a Spracovateľ: SSTN Bratislava, Jana Smiešková ; SUTN Bratislava, Adriana Lengyelová | ||
| 504 | |a Obsahuje abecedný register s. 15-16 ; literatúra s. 14 | ||
| 520 | 8 | |a Norma je identická s EN 12901: 1999 | |
| 540 | |a STN vydané na akomkoľvek nosiči sa môžu rozmnožovať a rozširovať iba so súhlasom určenej právnickej osoby |b SÚTN Bratislava |c zákon 264/1999 Z.z. | ||
| 650 | 0 | 7 | |a úprava vody |2 SNKPH |9 30045 |
| 650 | 0 | 7 | |a pitná voda |2 SNKPH |9 69061 |
| 650 | 0 | 7 | |a technické normy a štandardy |z Slovensko |2 SNKPH |9 79594 |
| 650 | 0 | 7 | |a technické normy a štandardy |z krajiny Európskej únie |2 SNKPH |9 289341 |
| 650 | 0 | 7 | |a Water treatment |2 SNKPHeng |9 297633 |
| 650 | 0 | 7 | |a Drinking water |2 SNKPHeng |9 314281 |
| 655 | 7 | |a normy |2 SNKPH |9 70643 | |
| 700 | 1 | |a Smiešková, Jana |4 trl |9 314282 | |
| 700 | 1 | |a Lengyelová, Adriana |4 aut |9 89879 | |
| 710 | 2 | |a Slovenská spoločnosť pre technickú normalizáciu |4 trl |9 36642 | |
| 710 | 2 | |a Slovenský ústav technickej normalizácie (Bratislava, Slovensko). |b Technická normalizačná komisia č. 1 Vodovody a kanalizácie |4 stn |9 314283 | |
| 852 | |a Štátna vedecká knižnica v Banskej Bystrici | ||
| 958 | |a NB | ||
| 958 | |a OP | ||
| 999 | |c 653145 |d 655075 | ||
| 952 | |a SNK |b SNK |y PREZ |7 0 |p 17A0528820 |o snkSTN EN 12901 |i snk2006/23331 |8 0 |0 0 |1 0 |4 0 |d 2006-11-08 |l 0 |r 2026-02-23 18:27:53 |w 2026-02-23 | ||
| 952 | |a SNK |b SNK |y PREZ |7 0 |p 17A0528815 |o snkSTN EN 12901 D1 |i snk2006/23332 |8 0 |0 0 |1 0 |4 0 |d 2006-11-08 |l 0 |r 2026-02-23 18:27:53 |w 2026-02-23 | ||


